| 000 | 00994cad a22001935a 4500 | ||
|---|---|---|---|
| 001 | L151542 | ||
| 008 | 101116s2010 xxk f 000 0 eng d | ||
| 035 | _a(Sirsi) u151542 | ||
| 041 | 0 | _aeng | |
| 110 | 2 |
_aUnited Kingdom _bDepartment for Communities and Local Government _94939 |
|
| 245 | 0 | 0 |
_aNew homes bonus _bconsultation _h[electronic resource] |
| 260 |
_aLondon _bDCLG _c2010 |
||
| 520 | _aSeeks views on the implementation of the New Homes Bonus. This proposes to match the council tax raised from new homes for the first six years with councils and communities deciding how the money will be spent. £900m has been allocated to get the scheme started. The consultation closes on the 24 December 2010. | ||
| 590 | _aKA NTK | ||
| 651 | 4 |
_aEngland and Wales _y1543- |
|
| 690 | _aENVIRONMENT AND LAND CONSULTANCY-PLANNING AND DEVELOPMENT | ||
| 856 | 4 | 0 |
_uhttps://www.communities.gov.uk/documents/housing/pdf/1767788.pdf _zView the item free of charge at www.communities.gov.uk |
| 942 | _n0 | ||
| 999 |
_c111432 _d111432 |
||